| 000 | 00790nam a22002177a 4500 | ||
|---|---|---|---|
| 003 | OSt | ||
| 005 | 20251105002353.0 | ||
| 008 | 251105b |||||||| |||| 00| 0 eng d | ||
| 020 | _a978-0-415-99584-9 | ||
| 040 |
_aDWCL-Admin lib _cOC |
||
| 082 | _aCirc. 371.4 H497n 2009 | ||
| 100 | _aHenderson, Patricia | ||
| 245 |
_aThe new handbook of administrative supervision in counseling / _cPatricia Henderson |
||
| 260 |
_aN.Y. _bRoutledge, _cc2009. |
||
| 300 |
_a viii, 368 p. ; _c23 cm. |
||
| 504 | _aIncludes bibliographical references and index. | ||
| 650 | _a1. Educational counseling-United States administration-Handbooks,manuals, etc. | ||
| 650 | _a2. School personnel management-United States. | ||
| 650 | _a3. Student counselors-United States. | ||
| 942 |
_2ddc _cBK-CIRC _kCirc. _n0 |
||
| 999 |
_c5445 _d5445 |
||